Μαθήματα στερεομετρίας

Saved in:
Bibliographic Details
Main Author: Πνευματικός, Νικόλαος
Format: Book
Language:Greek
Published: Αθήναι : [χ.ό.], 1966.
Edition:3η εκδ. βελτ. και επαυξ.
Subjects:
Tags: Add Tag
No Tags, Be the first to tag this record!

MARC

LEADER 00000cam a2200000 i 4500
001 1/124591
008 941103r1966 gr ||| | gre||
040 |a GR-MyUA  |b gre  |e AACR2 
041 0 |a gre 
082 0 |a 516.23  
100 1 |a Πνευματικός, Νικόλαος. 
245 1 0 |a Μαθήματα στερεομετρίας /   |c Νικόλαου Πνευματικού.  
250 |a 3η εκδ. βελτ. και επαυξ. 
260 |a Αθήναι :   |b [χ.ό.],   |c 1966.  
300 |a 428, [2] σ. :   |b εικ. ;   |c 25 εκ.  
500 |a Πρός χρήσιν των μαθητών των Λυκείων, των υποψηφίων δια το Ακαδημαϊκόν απολυτήριον ως και των υποψηφίων δια Στρατιωτικάς Σχολάς. (Μετά παραρτήματος συντόμου λύσεως των περιεχομένων 1000 ασκήσεων).  
500 |a Έκδοση χειρόγραφη.  
650 0 0 |a Geometry, solid. 
650 0 0 |a Geometry, solid  |x Problems, exercises, etc. 
852 |a INST  |b SAMOS  |c MAG  |e 20220329  |h 516.23 ΠΝΕ  |p 005300034456  |q 005300034456  |t BK  |y 0 
970 |a Γουβάλα  |b Βάσω  |z 29-03-2022